Bilbao y Lastarria

Saved in:
Bibliographic Details
Main Author: Cruz, Pedro Nolasco (autor)
Format: Book
Language:Spanish
Published: Santiago Difusión 1944
Edition:1a. ed
Series:Letras Chilenas
Subjects:
Tags: Add Tag
No Tags, Be the first to tag this record!

MARC

LEADER 00000cam a2200000 a 4500
001 UCP8329
003 CL-VaPUC
005 20250227161802.0
008 000114e19441104CL |||||||||||||||||spa|d
999 |c 285261  |d 285259 
040 |c Pontificia Universidad Católica de Valparaíso 
082 0 4 |a 928.61  |b CRU  |2 21 
100 |a Cruz, Pedro Nolasco  |e autor  |9 438240 
245 1 0 |a Bilbao y Lastarria 
250 |a 1a. ed 
260 |a Santiago  |b Difusión  |c 1944 
300 |a 217 p 
490 0 |a Letras Chilenas 
583 |a last modification  |c 20120914 12:28:54  |k Rodrigo Vera 
600 0 7 |a SOCIEDAD DE LA IGUALDAD  |2 CL-VaPUC  |9 438241 
600 0 |a Portales y Palazuelos, Diego   |9 436961 
600 0 |a Bilbao, Francisco,   |d 1823-1865   |9 315180 
600 0 |a Lastarria, José Victorino  |d 1817-1888  |9 860079 
650 0 |a Biografías  |9 255210 
650 0 |a Escritores chilenos   |9 420370 
650 0 |a Vida y obra  |9 311871 
650 0 |a Liberalismo  |9 255715 
651 7 |a CHILE  |2 CL-VaPUC  |9 438242 
852 |a BIBCUR 
942 |c BK  |2 ddc 
945 |d 20000114 00:00:00  |a rherrera 
952 |0 0  |1 0  |4 0  |6 928_610000000000000_CRU_1944  |7 0  |8 A  |9 329724  |a BIBHIS  |b BIBHIS  |d 2019-11-20  |i 1375601  |o 928.61 CRU 1944  |p 1375601  |r 2024-01-30  |w 2019-11-20  |y BK  |k HIS 
952 |0 0  |1 0  |4 0  |6 928_610000000000000_CRU_1944  |7 0  |8 X  |9 329725  |a FDOBUD  |b FDOBUD  |d 2019-11-20  |i 1025317  |o 928.61 CRU 1944  |p 1025317  |r 2019-11-20  |w 2019-11-20  |y BK_X  |k BUD 
952 |0 0  |1 0  |4 0  |6 928_610000000000000_CRU_1944  |7 0  |8 A  |9 329726  |a BIBHIS  |b BIBHIS  |d 2019-11-20  |i 4903528  |l 1  |o 928.61 CRU 1944  |p 4903528  |r 2025-01-20  |s 2022-08-31  |w 2019-11-20  |y BK  |k HIS